| 000 -LEADER |
| fixed length control field |
00871cam a2200265 a 4500 |
| 001 - CONTROL NUMBER |
| control field |
1615254 |
| 005 - DATE AND TIME OF LATEST TRANSACTION |
| control field |
20180314045633.0 |
| 008 - FIXED-LENGTH DATA ELEMENTS--GENERAL INFORMATION |
| fixed length control field |
950414s1996 paua b 001 0 eng c |
| 010 ## - LIBRARY OF CONGRESS CONTROL NUMBER |
| LC control number |
95017584 |
| 020 ## - INTERNATIONAL STANDARD BOOK NUMBER |
| International Standard Book Number |
0721658350 |
| 040 ## - CATALOGING SOURCE |
| Original cataloging agency |
DNLM/DLC |
| Transcribing agency |
DLC |
| Modifying agency |
DLC |
| 041 ## - LANGUAGE CODE |
| Language code of text/sound track or separate title |
eng |
| 060 10 - NATIONAL LIBRARY OF MEDICINE CALL NUMBER |
| Classification number |
WB 400 M214k 1996 |
| 080 ## - UNIVERSAL DECIMAL CLASSIFICATION NUMBER |
| Universal Decimal Classification number |
615.854 kat |
| 082 00 - DEWEY DECIMAL CLASSIFICATION NUMBER |
| Classification number |
615.854 kat |
| Edition number |
20 |
| 100 1# - Rafti |
| Rafti |
10 |
| 101 ## - Shkurtesa |
| Shkurtesa |
nut |
| 245 10 - TITLE STATEMENT |
| Title |
Krause's food, nutrition & diet therapy / |
| Statement of responsibility, etc |
L. Kathleen Mahan, Sylvia Escott-Stump. |
| 246 3# - VARYING FORM OF TITLE |
| Title proper/short title |
Krause's food, nutrition, and diet therapy |
| 246 30 - VARYING FORM OF TITLE |
| Title proper/short title |
Food, nutrition, and diet therapy |
| 504 ## - BIBLIOGRAPHY, ETC. NOTE |
| Bibliography, etc |
Includes bibliographical references and index. |
| 906 ## - LOCAL DATA ELEMENT F, LDF (RLIN) |
| a |
7 |
| b |
cbc |
| c |
orignew |
| d |
1 |
| e |
ocip |
| f |
19 |
| g |
y-gencatlg |
| 942 ## - ADDED ENTRY ELEMENTS (KOHA) |
| Source of classification or shelving scheme |
|
| Item type |
Books |